000 00883cam a22001934a 4500
005 20250605164040.0
008 250528s ||||||||||||||||||||||||d
035 _a16970
020 _a74560434
040 _aGR-AtMCL
_bgre
_dGR-AtMCL
_eAACR2
245 1 _aSociology for Business / A Practical Approach
260 _bPolicy Press,
_c1996
300 _a246
520 _aThe most comprehensive and well-organized book available on the sociology of business. Detailed Chapter Contents, Acknowledgements, Introduction, Business and Society, The Social Nature of Work, Sociological Insights into Organizations, Industrial Relations: A Comparison of Viewpoints, The Motivation to Work, Prejudice at Work: Sexism and Racism, The Changing Occupational Structure, Conclusions, Glossary, Index.
700 1 _aJoseph Martin
_93090
942 _cBK
999 _c2413
_d2413